00705 2200253 4500001002100000005001500021035002000036007000300056008004100059100002700100245008300127250001300210300004000223020001600263082001000279084001600289090001800305260003300323700002700356600001400383990001800397990001800415990001800433INLIS00000000000349520260530124936 a0010-0621000027ta260530 0 0 aSoedjono Dirdjosisworo1 aSosiologi dan Filsafat /cEmile Durkheim, Alih Bahasa : Soedjono Dirdjosisworo a--Cet--2 alxix, 103 hlm. :billus. ;c17.5 cm a65-01-010-0 a301.1 a301.1 SOE s a302 WAH k 7-3 a--Jakarta :bErlangga,c1991 aeditor, Agrar Sudrajat 4asosiologi a18556/BR/2013 a18557/BR/2013 a18558/BR/2013